00342nam a22000977a 4500008004100000082001200041100003000053245011400083260003700197300001000234230609b xxu||||| |||| 00| 0 eng d a353.463 cGovernment of Kenyad2006 aNational AssemblybThirteenth Report of the Public Investment Committee on the Accounts of State Corporations aKenyabGovernment of Kenyac2006 a750 p